00853 2200181 4500001002100000005001500021035002000036245006300056100001600119250001700135300002800152260003100180082001100211084001700222020002200239650001500261520039500276INLIS00000000000001120240318041926 a0010-03240000111 aUcil Si Kancil :bPerjalanan Menjadi Berani /cTria Ayu K.0 aTria Ayu K. acetakan ke-1 a88 hlm :bilus ;c24 cm aSolo :bTiga Ananda,c2017 a398.24 a398.24 TRI u a978-602-366-240-1 4aFiksi Anak aPertemuan dengan Paman Zupi membawaku dalam petualangan luar biasa. Aku bertemu hewan-hewan unik di Istana Tawa. Aku bahkan terbang di angkasa. Iya, aku si kancil Jawa yang penakut dan pemalu bisa terbang di angkasa. Masih tak percaya? Kalian harus cari tahu sendiri ceritaku. Selain cerita seruku, kalian juga bisa belajar berbagai fakta unik dan mengenal peribahasa-peribahasa keren, lho.